Countries in Oceania without A map - Statistics

General Stats
  • This quiz has been taken 31 times
  • The average score is 13 of 14
Answer Stats
Country % Correct
Australia
100%
Marshall Islands
100%
Nauru
100%
Tuvalu
100%
Fiji
96%
New Zealand
96%
Palau
96%
Papua New Guinea
96%
Samoa
96%
Tonga
96%
Vanuatu
96%
Fed. States of Micronesia
91%
Solomon Islands
91%
Kiribati
87%
No matching quizzes found
Score Distribution
Percent of People with Each Score
Percentile by Number Answered
Your Score History
You have not taken this quiz